[Event "Wch U20 Girls"]
[Site "Istanbul"]
[Date "2005.11.14"]
[Round "6"]
[White "Bensdorp, Laura"]
[Black "Gregorova, Zuzana"]
[Result "1-0"]
[WhiteElo "2090"]
[BlackElo "2183"]
[PlyCount "109"]
[EventDate "2005.11.09"]
[EventType "swiss"]
[EventRounds "13"]
[EventCountry "TUR"]
[SourceTitle "CBM 109 Extra"]
[Source "ChessBase"]
[SourceDate "2006.01.03"]
[SourceVersion "2"]
[SourceVersionDate "2006.01.03"]
[SourceQuality "1"]

1. e4 d5 2. exd5 Nf6 3. d4 Nxd5 4. c4 Nb6 5. Nc3 e5 6. dxe5 Qxd1+ 7. Kxd1 Bf5 8. Nf3 Nc6 9. Be3 0-0-0+ 10. Kc1 Nb4 11. Nd4 Bg6 12. a3 c5 13. Nf3 Nc2 14. Ra2 Nxe3 15. fxe3 Be7 16. b3 Rhe8 17. Be2 Bf8 18. Rf1 Nd7 19. Nh4 Nxe5 20. Nxg6 hxg6 21. Nd5 f6 22. Rd2 Bd6 23. h3 Nf7 24. Bd3 Ne5 25. Bc2 Bc7 26. Rdd1 a6 27. Kb2 Ba5 28. Rf2 f5 29. Kc1 b5 30. b4 cxb4 31. axb4 Bc7 32. c5 Nc4 33. Rd3 Re5 34. Nf4 Rxd3 35. Bxd3 Rxe3 36. Bxc4 Rc3+ 37. Kd1 Rxc4 38. Nxg6 Rxb4 39. Rxf5 a5 40. Kc2 a4 41. Rf3 Kb7 42. Ne7 Be5 43. c6+ Ka6 44. g4 Rc4+ 45. Kb1 b4 46. Nd5 Kb5 47. Rf5 Bd6 48. c7 Ka6 49. Rf7 Be5 50. Re7 Bf6 51. Re8 b3 52. c8Q+ Rxc8 53. Rxc8 Kb7 54. Rc4 a3 55. Nxf6 1-0

[Event "Wch U20 Girls"]
[Site "Istanbul"]
[Date "2005.11.10"]
[Round "2"]
[White "Bensdorp, Laura"]
[Black "Chierici, Marianna"]
[Result "0-1"]
[WhiteElo "2090"]
[BlackElo "1960"]
[PlyCount "144"]
[EventDate "2005.11.09"]
[EventType "swiss"]
[EventRounds "13"]
[EventCountry "TUR"]
[SourceTitle "CBM 109 Extra"]
[Source "ChessBase"]
[SourceDate "2006.01.03"]
[SourceVersion "2"]
[SourceVersionDate "2006.01.03"]
[SourceQuality "1"]

1. e4 d6 2. d4 Nf6 3. Nc3 Nbd7 4. Nf3 e5 5. Bc4 Be7 6. 0-0 0-0 7. Re1 c6 8. a4 Qc7 9. h3 b6 10. b3 Bb7 11. Bb2 Rad8 12. Bd3 exd4 13. Nxd4 Rfe8 14. Nf5 Bf8 15. Qd2 Ne5 16. Bf1 Bc8 17. Qg5 Bxf5 18. Qxf5 Re6 19. Qg5 Nfd7 20. Rad1 Nf3+ 21. gxf3 Rg6 22. Qxg6 hxg6 23. Bg2 Be7 24. Ne2 Nf6 25. f4 Nd7 26. Rd3 Nc5 27. Re3 Nb7 28. Rd1 c5 29. Nc3 Bf8 30. Nb5 Qb8 31. Rd5 a6 32. Na3 Na5 33. Bf1 Nc6 34. c4 Nb4 35. Rd2 Nc6 36. Bc3 Be7 37. Bg2 Na7 38. Nc2 b5 39. axb5 axb5 40. Red3 bxc4 41. bxc4 Qb6 42. Ne3 Bh4 43. Rb2 Qa6 44. Rdd2 Qa3 45. Rdc2 Qa4 46. Ra2 Qd7 47. Rcb2 Nc8 48. Ra1 Ne7 49. Rab1 Qa4 50. Bf3 Nc6 51. Rd2 Nb4 52. Kg2 Qa3 53. Nd1 Be7 54. Ra1 Qb3 55. Be2 Nc2 56. Rc1 Na3 57. Rb2 Qa4 58. Ne3 Ra8 59. Ra1 Bf6 60. Bxf6 gxf6 61. f3 Qa5 62. Rb3 Qd2 63. Kf2 Qa5 64. Ra2 Kg7 65. Bd1 Qa4 66. Rb8 Qa5 67. Rxa8 Qxa8 68. Nc2 Qh8 69. Nxa3 Qxh3 70. Ke3 Qg3 71. Rf2 Qg1 72. Ke2 Qg3 0-1